Score 0/16 Timer 02:00
1 Play Today
Hint 4-Letter Word % Correct
What reindeer do to a sleighPULL
94.7%
Mr. Gates, Murray, or MaherBILL
93.7%
❄ Festive ringer ❄❄ BELL ❄
92.2%
In good healthWELL
90%
Christmas tree typePINE
89.7%
Jagged Little ____PILL
88.9%
Heap of coal or presentsPILE
87.4%
❄ ____ of Ages ❄❄ ROCK ❄
82.9%
Hint 4-Letter Word % Correct
Aquatic lung?GILL
81.5%
❄ Jonathan Livingston, e.g. ❄❄ GULL ❄
79.1%
Sonar soundPING
78%
Bubbly bandleader Lawrence ____WELK
73.1%
PerambulateWALK
64.1%
Rudolph's headgear?RACK
59.7%
Loony oneWACK
53.2%
❄ Chinese body essence ❄❄ JING ❄
31.6%

Today's Daily Dose

Remove Ads.
Support Sporcle.
Get the best of Sporcle when you Go Orange. This ad-free experience offers more features, more stats, and more fun while also helping to support Sporcle. Thank you for becoming a member.

You're not logged in!

Compare scores with friends on all Sporcle quizzes.
OR
Log In

Show Comments

Extras

Top Quizzes Today


Score Distribution

Your Account Isn't Verified!

In order to create a playlist on Sporcle, you need to verify the email address you used during registration. Go to your Sporcle Settings to finish the process.

Report this User

Report this user for behavior that violates our Community Guidelines.

Details: